000
00333 a2200157 4500
001
46414
020
_a
9788575750124
040
_c
Anchieta - Aquarius
240
1
0
_a
#A Bela e a Fera
_l
por
245
1
0
_a
#A Bela e a Fera
300
_a
16
362
0
_a
2003
440
1
_a
Goal
650
4
_a
Literatura infanto-juvenil
942
_c
BK
999
_c
46414
_d
46414